Kiểm toán

Tổng quan về kiểm toán và kiểm toán độc lập. Giới thiệu về môi trường kiểm toán, hệ thống kiểm soát nội bộ, chuẩn bị kiểm toán, bằng chứng kiểm toán, kiểm toán trong môi trường tin học, và hoàn thành kiểm toán. Trình bày kiểm toá...

Full beskrivning

Sparad:
Bibliografiska uppgifter
Huvudupphovsman: Vũ, Hữu Đức
Materialtyp: Bok
Språk:Undetermined
Publicerad: 1990s
Ämnen:
Taggar: Lägg till en tagg
Inga taggar, Lägg till första taggen!
Thư viện lưu trữ: Trung tâm Học liệu Trường Đại học Cần Thơ
LEADER 01306nam a2200169Ia 4500
001 CTU_23659
008 210402s9999 xx 000 0 und d
082 |a 657.45 
082 |b Đ552/P.1 
100 |a Vũ, Hữu Đức 
245 0 |a Kiểm toán 
245 0 |c Vũ Hữu Đức 
260 |c 1990s 
520 |a Tổng quan về kiểm toán và kiểm toán độc lập. Giới thiệu về môi trường kiểm toán, hệ thống kiểm soát nội bộ, chuẩn bị kiểm toán, bằng chứng kiểm toán, kiểm toán trong môi trường tin học, và hoàn thành kiểm toán. Trình bày kiểm toán về: tiền, nợ phải thu khách hàng, hàng tồn kho và giá vốn hàng bán, tài sản cố định và chi phí khấu hao, nợ phải trả và nguồn vốn chủ sở hữu, thu nhập và chi phí. Khái quát về các dịch vụ của doanh nghiệp kiểm toán cũng như kiểm toán nội bộ và kiểm toán của Nhà nước 
650 |a Auditing,Managerial accounting,Hạch toán,Kế toán quản lý 
904 |i Phượng, 980509, lthieu 
980 |a Trung tâm Học liệu Trường Đại học Cần Thơ